5 majeur NBA Conférence Ouest (2025-2026) - Statistiques

Statistiques générales
  • Ce quiz a été pris 237 fois
  • Le résultat moyen est 46 sur 75
Statistiques - réponses
Franchises Postes Joueurs % Correct
Oklahoma Thunder Meneur Shai Gilgeous-Alexander
97%
Houston Rockets Arrière Kevin Durant
95%
Los Angeles Lakers Meneur Luka Doncic
93%
Minnesota Timberwolves Arrière Anthony Edwards
91%
Los Angeles Lakers Ailier Austin Reaves
91%
Oklahoma Thunder Ailier Fort Chet Holmgren
91%
Denver Nuggets Pivot Nikola Jokic
91%
Golden State Warriors Meneur Stephen Curry
91%
Denver Nuggets Meneur Jamal Murray
90%
Memphis Grizzlies Meneur Jay Morant
90%
Houston Rockets Meneur Amen Thompson
89%
Dallas Mavericks Arrière Klay Thompson
89%
Minnesota Timberwolves Pivot Rudy Gobert
89%
San Antonio Spurs Pivot Victor Wembanyama
89%
Los Angeles Clippers Ailier Fort Kawhi Leonard
88%
Houston Rockets Ailier Fort Alperen Sengun
87%
Phoenix Suns Meneur Devin Booker
87%
Los Angeles Clippers Meneur James Harden
87%
Golden State Warriors Pivot Draymond Green
84%
Los Angeles Clippers Pivot Ivica Zubac
81%
Dallas Mavericks Meneur Cooper Flagg
80%
Denver Nuggets Ailier Fort Aaron Gordon
79%
Dallas Mavericks Ailier Fort Anthony Davis
79%
Oklahoma Thunder Pivot Isaiah Hartenstein
79%
Memphis Grizzlies Ailier Fort Jaren Jackson Jr
79%
Oklahoma Thunder Ailier Luguentz Dort
79%
San Antonio Spurs Meneur Stephon Castle
79%
Sacramento Kings Arrière Zack Lavine
79%
New Orleans Pelicans Ailier Zion Williamson
79%
Los Angeles Lakers Pivot DeAndre Ayton
78%
Minnesota Timberwolves Ailier Fort Julius Randle
77%
Sacramento Kings Ailier Fort DeMar DeRozan
76%
San Antonio Spurs Ailier Fort Harrison Barnes
73%
Golden State Warriors Ailier Fort Jimmy Butler
73%
Los Angeles Lakers Ailier Fort Rui Hachimura
73%
Utah Jazz Ailier Fort Lauri Markkanen
72%
San Antonio Spurs Arrière Devin Vassell
69%
Denver Nuggets Ailier Cameron Johnson
66%
Houston Rockets Pivot Steven Adams
63%
Denver Nuggets Arrière Christian Braun
61%
Dallas Mavericks Pivot Dereck Lively
61%
Phoenix Suns Ailier Fort Dillon Brooks
59%
Minnesota Timberwolves Ailier Jaden McDaniels
57%
Golden State Warriors Arrière Brandin Podziemski
53%
Houston Rockets Ailier Jabari Smith Jr
53%
Utah Jazz Arrière Keyonte George
53%
Portland Trail Blazers Meneur Jrue Holiday
52%
Golden State Warriors Ailier Jonathan Kuminga
50%
Dallas Mavericks Ailier P.J Washington
50%
Oklahoma Thunder Arrière Cason Wallace
49%
Portland Trail Blazers Ailier Deni Avdija
49%
San Antonio Spurs Ailier Julian Champagnie
47%
New Orleans Pelicans Ailier Fort Trey Murphy III
44%
Los Angeles Clippers Ailier Derrick Jones Jr
43%
New Orleans Pelicans Arrière Herbert Jones
43%
Portland Trail Blazers Ailier Fort Toumani Camara
42%
Minnesota Timberwolves Meneur Donte DiVincenzo
39%
Portland Trail Blazers Arrière Shaedon Sharpe
39%
Utah Jazz Pivot Walker Kessler
39%
Los Angeles Clippers Arrière Bradley Beal
38%
Sacramento Kings Meneur Dennis Schröder
38%
New Orleans Pelicans Meneur Jordan Poole
37%
Portland Trail Blazers Pivot Donovan Clingan
35%
Phoenix Suns Ailier Ryan Dunn
35%
Phoenix Suns Arrière Grayson Allen
31%
Los Angeles Lakers Arrière Gabe Vincent
29%
New Orleans Pelicans Pivot Yves Missi
28%
Memphis Grizzlies Arrière Jayler Wells
26%
Memphis Grizzlies Ailier Kentavious Caldwell-Pope
21%
Sacramento Kings Pivot Drew Eubanks
16%
Utah Jazz Ailier Kyle Filipowski
13%
Sacramento Kings Ailier Nique Clifford
9%
Phoenix Suns Pivot Oso Ighodaro
9%
Memphis Grizzlies Pivot Jock Landale
8%
Utah Jazz Meneur Sviatoslav Mykhaïliouk
2%
Aucun quiz correspondant
Distribution des résultats
% des personnes avec chaque résultat
Percentile par nombre de réponses
Votre historique - résultats
Vous n’avez pas pris ce quiz